| 000 | 00384nam a2200145Ia 4500 | ||
|---|---|---|---|
| 008 | 230917s9999||||xx |||||||||||||| ||und|| | ||
| 040 |
_e226635 _aMAIN |
||
| 041 | _aEnglish | ||
| 082 | _a796.076137 B469P | ||
| 100 | _aBhakt, Dayanand | ||
| 245 | 0 | _aPhysical education, sports and health | |
| 260 |
_aNew Delhi _bFriends Publications _c2013 |
||
| 300 | _aviii, 296 p. | ||
| 942 | _cBK | ||
| 999 |
_c179012 _d179012 |
||